<?xml version="1.0" encoding="UTF-8"?>
<record
    xmlns:xsi="http://www.w3.org/2001/XMLSchema-instance"
    xsi:schemaLocation="http://www.loc.gov/MARC21/slim http://www.loc.gov/standards/marcxml/schema/MARC21slim.xsd"
    xmlns="http://www.loc.gov/MARC21/slim">

  <leader>01612nam a22002297a 4500</leader>
  <controlfield tag="005">20260128092725.0</controlfield>
  <controlfield tag="008">240722b           ||||| |||| 00| 0 eng d</controlfield>
  <datafield tag="020" ind1=" " ind2=" ">
    <subfield code="a">9788170461388</subfield>
  </datafield>
  <datafield tag="040" ind1=" " ind2=" ">
    <subfield code="c">AL</subfield>
  </datafield>
  <datafield tag="041" ind1=" " ind2=" ">
    <subfield code="a">English</subfield>
  </datafield>
  <datafield tag="082" ind1=" " ind2=" ">
    <subfield code="2">23</subfield>
    <subfield code="a">820.301</subfield>
    <subfield code="b">DEVR</subfield>
  </datafield>
  <datafield tag="100" ind1=" " ind2=" ">
    <subfield code="a">Mahasweta Devi and others</subfield>
    <subfield code="9">252880</subfield>
  </datafield>
  <datafield tag="245" ind1=" " ind2=" ">
    <subfield code="a">Rudali, From Fiction to Performance</subfield>
  </datafield>
  <datafield tag="260" ind1=" " ind2=" ">
    <subfield code="a">Calcutta</subfield>
    <subfield code="b">Seagull Books</subfield>
    <subfield code="c">2021</subfield>
  </datafield>
  <datafield tag="300" ind1=" " ind2=" ">
    <subfield code="a">199p</subfield>
    <subfield code="b">PB</subfield>
    <subfield code="c">21.5x12.5cm</subfield>
  </datafield>
  <datafield tag="365" ind1=" " ind2=" ">
    <subfield code="a">2489</subfield>
    <subfield code="b">&#x20B9;416.00</subfield>
    <subfield code="c">&#x20B9;</subfield>
    <subfield code="d">&#x20B9;520.00</subfield>
    <subfield code="e">20%</subfield>
    <subfield code="f">17-07-2024</subfield>
  </datafield>
  <datafield tag="520" ind1=" " ind2=" ">
    <subfield code="a">Rudali is a powerful short story written by Mahasweta Devi. Revolving around the life of Sanichari, a poor lowcaste village woman, it is an acidly ironic tale of exploitation and struggle, and above all, of survival. In 1992 it was adapted into a play by Usha Ganguli, a leading theatre director of Calcutta, and instantly became one of the most acclaimed productions of its time. In both incarnations of Rudali, it has been a woman who has wrought and rewrought this text which revolves around the life of a woman; and each version of Rudali can be read as an important feminist text for contemporary India. Both the short story and the play, are included in this volume, along with an introductory essay that studies how and why the versions are different and what the changes signify, leading to an analysis of how the metamorphosis of Rudali allows us to address the simultaneity and asymmetry of feminist positions in this country today.</subfield>
  </datafield>
  <datafield tag="650" ind1=" " ind2=" ">
    <subfield code="a">Indian English Short Stories</subfield>
    <subfield code="9">173914</subfield>
  </datafield>
  <datafield tag="700" ind1=" " ind2=" ">
    <subfield code="a">Ganguli, Usha</subfield>
    <subfield code="9">173916</subfield>
  </datafield>
  <datafield tag="700" ind1=" " ind2=" ">
    <subfield code="a">Katyal, Anjum Tr</subfield>
    <subfield code="9">173917</subfield>
  </datafield>
  <datafield tag="942" ind1=" " ind2=" ">
    <subfield code="2">ddc</subfield>
    <subfield code="c">BK</subfield>
  </datafield>
  <datafield tag="999" ind1=" " ind2=" ">
    <subfield code="c">231492</subfield>
    <subfield code="d">231492</subfield>
  </datafield>
  <datafield tag="952" ind1=" " ind2=" ">
    <subfield code="0">0</subfield>
    <subfield code="1">0</subfield>
    <subfield code="2">ddc</subfield>
    <subfield code="4">0</subfield>
    <subfield code="7">0</subfield>
    <subfield code="8">ENG</subfield>
    <subfield code="a">AL</subfield>
    <subfield code="b">AL</subfield>
    <subfield code="d">2024-07-22</subfield>
    <subfield code="e">Biblios Book Point Surathkal Mangalore 575014</subfield>
    <subfield code="g">416.00</subfield>
    <subfield code="l">3</subfield>
    <subfield code="o">820.301 DEVR</subfield>
    <subfield code="p">077258</subfield>
    <subfield code="q">2026-09-07</subfield>
    <subfield code="r">2026-05-09 12:16:37</subfield>
    <subfield code="s">2026-05-09</subfield>
    <subfield code="v">520.00</subfield>
    <subfield code="w">2024-07-22</subfield>
    <subfield code="y">BK</subfield>
  </datafield>
</record>
